[Event "Chigorin Memorial-B 14th"]
[Site "St Petersburg"]
[Date "2006.10.23"]
[Round "1"]
[White "Bortsova, Tatiana"]
[Black "Fedoseev, Sergey"]
[Result "1/2-1/2"]
[WhiteElo "2091"]
[BlackElo "2277"]
[PlyCount "69"]
[EventDate "2006.10.23"]
[EventType "swiss"]
[EventRounds "9"]
[EventCountry "RUS"]
[SourceTitle "EXT 2007"]
[Source "ChessBase"]
[SourceDate "2006.11.23"]
[SourceVersion "1"]
[SourceVersionDate "2006.11.23"]
[SourceQuality "1"]

1. e4 c5 2. Nc3 Nc6 3. g3 g6 4. d3 Bg7 5. Be3 d6 6. Qd2 Rb8 7. a4 Nd4 8. Bg2 e6 9. f4 Ne7 10. Nf3 0-0 11. 0-0 Nec6 12. g4 Nxf3+ 13. Rxf3 Nd4 14. Rg3 f5 15. gxf5 exf5 16. Kh1 a6 17. Rf1 Bd7 18. Nd5 Bxa4 19. Bxd4 cxd4 20. exf5 Rxf5 21. Be4 Rf7 22. f5 gxf5 23. Rxf5 Rxf5 24. Bxf5 Bc6 25. Be4 Bxd5 26. Bxd5+ Kh8 27. Qg2 Qf6 28. Rf3 Qh6 29. Qf1 Re8 30. Rh3 Rf8 31. Rf3 Rxf3 32. Bxf3 Be5 33. Qg1 b5 34. Bd5 Qf8 35. b4 1/2-1/2

[Event "RUS-ch (Women) 1st League"]
[Site "Serpukhov"]
[Date "2003.02.25"]
[Round "6"]
[White "Bortsova, Tatiana"]
[Black "Pogonina, Natalija"]
[Result "1/2-1/2"]
[WhiteElo "2151"]
[BlackElo "2376"]
[PlyCount "97"]
[EventDate "2003.02.20"]
[EventType "swiss"]
[EventRounds "9"]
[EventCountry "RUS"]
[SourceTitle "EXT 2004"]
[Source "ChessBase"]
[SourceDate "2003.11.25"]
[SourceVersion "1"]
[SourceVersionDate "2003.11.25"]
[SourceQuality "1"]

1. e4 c5 2. Nc3 Nc6 3. g3 g6 4. Bg2 Bg7 5. Nge2 e6 6. 0-0 Nge7 7. d3 0-0 8. Be3 Nd4 9. f4 d6 10. g4 f5 11. gxf5 exf5 12. Ng3 Rb8 13. Rb1 Be6 14. Nd5 fxe4 15. dxe4 Bxd5 16. exd5 Nef5 17. Bf2 Nh4 18. c3 Nxg2 19. Kxg2 Nf5 20. Ne4 Nh4+ 21. Bxh4 Qxh4 22. Qf3 Be5 23. Qg3 Rxf4 24. Rxf4 Qxf4 25. Qxf4 Bxf4 26. h4 Kg7 27. b4 cxb4 28. Rxb4 h6 29. a4 g5 30. h5 Be5 31. a5 b6 32. Kh3 Rb7 33. axb6 axb6 34. Rb5 Kf8 35. Rb4 Ke7 36. Kg4 Kf7 37. Kf5 Bf4 38. Nf2 Be3 39. Ng4 Bc5 40. Re4 Kg7 41. Re6 Rf7+ 42. Rf6 Rxf6+ 43. Nxf6 b5 44. Ne8+ Kf7 45. Nc7 b4 46. cxb4 Bxb4 47. Nb5 Bc5 48. Nc3 Bd4 49. Ne4 1/2-1/2

[Event "RUS-ch (Women) 1st League"]
[Site "Serpukhov"]
[Date "2003.02.22"]
[Round "3"]
[White "Bortsova, Tatiana"]
[Black "Chistyakova, Tatiana"]
[Result "1-0"]
[WhiteElo "2151"]
[BlackElo "2064"]
[PlyCount "75"]
[EventDate "2003.02.20"]
[EventType "swiss"]
[EventRounds "9"]
[EventCountry "RUS"]
[SourceTitle "EXT 2004"]
[Source "ChessBase"]
[SourceDate "2003.11.25"]
[SourceVersion "1"]
[SourceVersionDate "2003.11.25"]
[SourceQuality "1"]

1. e4 e5 2. Nf3 Nc6 3. d4 exd4 4. c3 dxc3 5. Nxc3 Bb4 6. Bc4 Bxc3+ 7. bxc3 h6 8. 0-0 Nge7 9. Ba3 d6 10. Rb1 0-0 11. Bd5 Nxd5 12. exd5 Ne7 13. c4 b6 14. Nd4 Bd7 15. Qh5 Ng6 16. f4 Qh4 17. Qxh4 Nxh4 18. f5 g6 19. f6 Nf5 20. Nf3 Ne3 21. Rfc1 Rfe8 22. Rb3 Ng4 23. Bb2 Re4 24. h3 Ne3 25. Bd4 Rae8 26. Rbc3 Nf5 27. Bf2 Re2 28. g4 Ne3 29. Nd4 Nxg4 30. Nxe2 Rxe2 31. hxg4 Bxg4 32. R1c2 Re4 33. Re3 Rf4 34. Re8+ Kh7 35. Re7 Rxf6 36. Bd4 Rf4 37. Rf2 Rxf2 38. Kxf2 1-0

[Event "RUS-ch (Women) 1st League"]
[Site "Serpukhov"]
[Date "2003.02.21"]
[Round "2"]
[White "Molchanova, Tatjana"]
[Black "Bortsova, Tatiana"]
[Result "1-0"]
[WhiteElo "2274"]
[BlackElo "2151"]
[PlyCount "55"]
[EventDate "2003.02.20"]
[EventType "swiss"]
[EventRounds "9"]
[EventCountry "RUS"]
[SourceTitle "EXT 2004"]
[Source "ChessBase"]
[SourceDate "2003.11.25"]
[SourceVersion "1"]
[SourceVersionDate "2003.11.25"]
[SourceQuality "1"]

1. e4 c6 2. d4 d5 3. exd5 cxd5 4. c4 e6 5. Nc3 Nf6 6. Nf3 Be7 7. Bd3 0-0 8. 0-0 dxc4 9. Bxc4 Nc6 10. Bg5 h6 11. Bf4 a6 12. Rc1 Nd5 13. Bxd5 exd5 14. Qb3 Bg4 15. Nxd5 Bxf3 16. Qxf3 Nxd4 17. Qe4 Ne6 18. Rfd1 Bg5 19. Nc7 Qf6 20. Be5 Qe7 21. Bd6 Qf6 22. Nxa8 Rxa8 23. Qxb7 Rd8 24. Rc8 Rxc8 25. Qxc8+ Kh7 26. Qc3 Qd8 27. Qd3+ g6 28. Qxa6 1-0